Marketing a interaktívne audiovizuálne médiá dizertačná práca

Salvato in:
Dettagli Bibliografici
Autore principale: Krajcer, Ivan
Ente Autore: Ekonomická univerzita v Bratislave. Obchodná fakulta
Altri autori: Viestová, Kristína
Natura: Libro
Lingua:slovacco
Pubblicazione: Bratislava 2005
Soggetti:
Tags: Aggiungi Tag
Nessun Tag, puoi essere il primo ad aggiungerne!!

MARC

LEADER 00000nam$a2200000$$$4500
001 0100026
005 20240104134400.2
041 0 |a slo 
044 |a SK 
245 1 0 |a Marketing a interaktívne audiovizuálne médiá  |b dizertačná práca  |c Ivan Krajcer ; škol. Kristína Viestová 
264 1 |a Bratislava  |c 2005 
300 |a 149 s. 
610 2 0 |a marketing 
610 2 0 |a médiá 
610 2 0 |a internet 
610 2 0 |a multimédiá 
100 1 |a Krajcer, Ivan 
700 1 |a Viestová, Kristína 
710 2 |a Ekonomická univerzita v Bratislave. Obchodná fakulta